Guayacán

Salvato in:
Dettagli Bibliografici
Autore principale: Rodríguez Macal, Virgilio
Natura: Libro
Lingua:Undetermined
Pubblicazione: Guatemala José de Pineda Ibarra 1967
Edizione:2
Soggetti:
Tags: Aggiungi Tag
Nessun Tag, puoi essere il primo ad aggiungerne!!

MARC

LEADER 00000nam a2200000Ia 4500
008 170316s9999 xx 000 0 und d
040 |a cru BVZT 
090 |a 860 R-19g 
100 |a Rodríguez Macal, Virgilio 
245 |a Guayacán 
250 |a 2 
260 |a Guatemala 
260 |b José de Pineda Ibarra 
260 |c 1967 
300 |a 538 páginas 
650 |a LITERATURA LATINOAMERICANA 
999 |c 9142  |d 9142 
942 |c 15 D  |h 860 R-19g  |2 z